A Szepesi tanitóegyesület... évi... napján poprádon tartott .... közgyűlésének jegyzőkönyve

Bibliographic Details
Format: Serial
Language:Hungarian
PhysicalDescription:zv.
Published: Igló Szepesi Lapok [ 1875-1917]
Subjects:

MARC

LEADER 00000cas a2200000 a 4500
001 vtls010284378
003 SK-MaSNL
005 20260228161949.0
008 110608d18751917xo ar 0 b0hun
040 |a SNK  |b slo  |c SNK 
041 0 |a hun 
044 |a xo  |c SK 
072 7 |a 37  |x Výchova a vzdelávanie  |2 konspekt 
072 7 |a 061.2  |x Nevládne organizácie a kooperácia  |2 konspekt 
080 |a 37.011.3-051  |2 2011 
080 |a 061.2  |2 2011 
080 |a 050  |2 2011 
245 0 2 |a A Szepesi tanitóegyesület... évi... napján poprádon tartott .... közgyűlésének jegyzőkönyve 
260 |a Igló  |b Szepesi Lapok  |c [ 1875-1917] 
300 |a zv. 
310 |a 1x ročne 
362 0 |a [1875]-[1917]  |z KK702/2019 ; SKP 
650 0 7 |a učitelia  |2 SNKPH  |9 3995 
650 0 7 |a spolky  |2 SNKPH  |9 4725 
655 |a zápisnice korporácií a inštitúcií  |2 SNKPH  |9 267683 
752 |a Slovensko  |d Spišská Nová Ves 
910 |a snk 
999 |c 6255  |d 8185 
952 |0 0  |1 0  |4 0  |7 0  |8 5  |a SNK  |b SNK  |d 2011-06-08  |i snkF 3616/83  |l 0  |o snkČSC 2843/1917  |p 17A0698370  |r 2026-02-21 20:06:23  |t č. 63  |w 2026-02-21  |y PREZ